000 01311cam a2200277 4500
001 ABS63745
008 000000n2001 000 0 eng u
035 _a(Sirsi) u111628
100 _aIyer, A.
245 _aChanges in planning and transport policy: Impact on leisure property
260 _c2001
490 _aJournal of Leisure Property
_v1(2) 2001, 136-146(11)
520 _aReviews recent changes to planning policy guidance notes that relate to transport issues and are likely to affect the selection of sites for leisure developments. Looks at: PPG6 (Town Centres and Retail Developments); PPG13 (Transport); Draft PPG13; and PPG17 (Sport and Recreation). Examines the likely impact of these documents. Also highlights possible opportunities they present to the leisure developer Discusses Valley Centertainment in Sheffield, a working example of government's new planning and transport policies for leisure developments.
590 _aABS
650 _aPLANNING POLICY GUIDANCE NOTES
650 _aPLANNING POLICY GUIDANCE NOTE SIX
650 _aPLANNING POLICY GUIDANCE NOTE 13
650 _aPPG17
650 _aTRANSPORT
650 _aPARKING
650 _aPLANNING
650 _aLEISURE PROPERTY
650 _aDEVELOPMENT
690 _aLEISURE AND RECREATION
942 _n0
999 _c66515
_d66515